Most LGBTQ+ Supportive Countries 2025 - Statistics

General Stats
  • This quiz has been taken 194 times
  • The average score is 15 of 20
Answer Stats
Country Gay Travel Index % Correct
Canada 12
90%
Germany 10
90%
Norway 10
89%
Spain 12
89%
Sweden 9
89%
Finland 9
86%
Denmark 10
84%
Portugal 12
83%
Iceland 10
81%
Australia 11
80%
Ireland 9
80%
Switzerland 11
76%
New Zealand 12
74%
Austria 9
69%
Luxembourg 9
64%
Malta 12
53%
Chile 9
51%
Taiwan 9
46%
Uruguay 10
41%
Colombia 9
38%
No matching quizzes found
Score Distribution
Percent of People with Each Score
Percentile by Number Answered
Your Score History
You have not taken this quiz